Obálka Náhled e-knihy:
PDF Epub
Pro půjčování e-knih musíte být přihlášeni.
Jak si půjčit online?

Dokonalá ľútosť /

Edinburgh ochromili vražedné bombové útoky. Obete sa počítajú v desiatkach a smrť neušetrí ani policajné oddelenie. Hlavná inšpektorka Ava Turnerová a inšpektor Luc Callanach však nesmú dovoliť, aby im osobné straty, ktoré utrpeli, zabránili vypátrať páchateľa. Ako je možné, že nezanecháva nijaké st...

Celý popis

Uloženo v:
Série:Luc Callanach a Ava Turnerová, část 7
Hlavní autor: Fields, Helen (Autor)
Médium: E-kniha
Jazyk:Czech
Vydáno: Praha : Albatros Media Slovakia s.r.o., 2026
Příbuzné jednotky:Z cyklu:: Luc Callanach a Ava Turnerová
Tagy:
Žádné tagy
LEADER 01595nam a22002417i 4500
001 302739
007 ta
008 260514s2026 xr ||||| |||| 00| 0 cze d
020 |a 9788056651285 
044 |a xr 
100 1 |a  Fields, Helen  |4 aut 
245 1 0 |a Dokonalá ľútosť /  |c  Fields, Helen 
240 1 0 |a One for Sorrow 
264 1 |a Praha :  |b Albatros Media Slovakia s.r.o.,  |c 2026 
300 |a 1 online zdroj (368 stran) 
336 |a text  |b txt  |2 rdacontent 
337 |a bez média  |b n  |2 rdamedia 
338 |a online zdroj  |b cr  |2 rdacarrier 
520 2 |a Edinburgh ochromili vražedné bombové útoky. Obete sa počítajú v desiatkach a smrť neušetrí ani policajné oddelenie. Hlavná inšpektorka Ava Turnerová a inšpektor Luc Callanach však nesmú dovoliť, aby im osobné straty, ktoré utrpeli, zabránili vypátrať páchateľa. Ako je možné, že nezanecháva nijaké stopy a je vždy o krok pred nimi? Ave s Lucom neostáva nič iné, len ďalej kráčať v ústrety pasci, ktorá ich má zničiť. Najvýbušnejší prípad ich kariéry sa začína... 
787 0 8 |g 7  |i Z cyklu:  |t Luc Callanach a Ava Turnerová 
910 |a RBIT002 
998 |d 426997  |a https://core.palmknihy.cz/api/books/426997/cover?tesgii  |b https://core.palmknihy.cz/api/books/426997/cover/400?tesgii  |c https://core.palmknihy.cz/api/books/426997/cover/50?tesgii  |e 2030-02-11  |g 368  |i 9788056651285  |j https://core.palmknihy.cz/api/books/426997/preview.epub  |k https://core.palmknihy.cz/api/books/426997/preview.pdf  |l   |q 49  |r 1  |s https://www.palmknihy.cz/kniha/426997  |t ebook  |y 2026  |z 1  |v Luc Callanach a Ava Turnerová  |w 7 
999 |d 302737